000 01332nam a22002777a 4500
003 DO-CoUTE
005 20260516141446.0
008 260516b dr ||||| |||| 00| 0 spa d
040 _aDO-CoUTE
_bspa
_cDO-CoUTE
041 _aspa
092 _aINF 2025 R63
100 1 _aRondón, María Yinet
_eSustentante
245 1 0 _aSistema Interactivo Adaptado a Estudiantes con Necesidades Especiales, Distrito Educativo 16-01 de Cotuí /
_cMaría Yinet Rondón, Amauri López Rondón, Maicol Junior Florentino Brito, Julián Enmanuel Castro Merejildo ; Asesor, José Giordany Severino Cruz.
260 _aCotuí, República Dominicana ;
_bUTECO,
_c2025
300 _a51 Hojas :
_bImagenes ;
_c23cm,
_e+ 1 CD-ROM
502 _aTrabajo de Grado (Licenciatura en Informática) Universidad Tecnológica del Cibao Oriental, 2025.
504 _aIncluye referencia bibliográfica e índice.
650 4 _aNecesidades especiales
700 1 _aMaría Yinet Rondón
_eSustentante
700 1 _aAmauri López Rondón
_eSustentante
700 1 _aMaicol Junior Florentino Brito
_eSustentante
700 1 _aJosé Giordany Severino Cruz
_eAsesor
830 _aTesis y disertaciones académicas (Universidad Tecnológica del Cibao Oriental)
856 _yHaga Click Aquí para Descargar en Texto Completo
942 _2ddc
_cTH
999 _c24193
_d24193